| 000 | 00906nam a22002417a 4500 | ||
|---|---|---|---|
| 999 |
_c16699 _d16699 |
||
| 005 | 20251125232847.0 | ||
| 008 | s2537 th tha d | ||
| 040 | _aNALT | ||
| 041 | _atha | ||
| 100 | 0 | _aนพนิธิ สุริยะ | |
| 245 | 1 | 0 | _aกฎหมายระหว่างประเทศ เล่ม 2 |
| 260 | 3 |
_aกรุงเทพฯ : _bวิญญูชน, _c2537 |
|
| 300 |
_a246 หน้า : _b ตาราง, แผนที่ ; _c 21 ซม. |
||
| 650 | 0 | 4 | _aกฎหมายระหว่างประเทศ |
| 650 | 0 | 4 | _aรัฐ |
| 650 | 0 | 4 | _aสนธิสัญญา |
| 650 | 0 | 4 | _aกฎหมายทะเล |
| 850 | _aNALT | ||
| 856 | 4 | 0 |
_uhttps://hdl.handle.net/20.500.14156/301465 _71 |
| 942 |
_cLB _2lcc |
||
| 998 |
_j25 _k นีลวัสน์ อินทรักษา |
||
| 090 | _aKF11 น171ก 2537 ล.2 | ||